Coureurs de l'équipe cycliste Jumbo-Visma 2022 - Statistiques

Statistiques générales
  • Ce quiz a été pris 164 fois
  • Le résultat moyen est 12 sur 29
Statistiques - réponses
Nat Coureur % Correct
🇩🇰 Jonas Vingegaard
94%
🇧🇪 Wout Van Aert
94%
🇸🇮 Primož Roglič
93%
🇫🇷 Christophe Laporte
90%
🇺🇸 Sepp Kuss
83%
🇧🇪 Tiesj Benoot
67%
🇮🇹 Edoardo Affini
61%
🇧🇪 Nathan Van Hooydonck
50%
🇳🇴 Tobias Foss
48%
🇳🇱 Tom Dumoulin
48%
🇦🇺 Rohan Dennis
45%
🇳🇱 Steven Kruijswijk
45%
🇳🇱 Robert Gesink
39%
🇳🇱 Sam Oomen
37%
🇳🇱 Mike Teunissen
32%
🇳🇱 Olav Kooij
29%
🇳🇱 Koen Bouwman
27%
🇦🇺 Chris Harper
20%
🇳🇱 Timo Roosen
20%
🇧🇪 Tosh Van der Sande
18%
🇳🇱 Jos van Emden
17%
🇳🇱 Mick van Dijke
16%
🇳🇱 Tim van Dijke
16%
🇳🇱 David Dekker
15%
🇩🇪 Michel Hessmann
12%
🇳🇱 Pascal Eenkhoorn
12%
🇳🇱 Gijs Leemreize
11%
🇳🇱 Milan Vader
10%
🇳🇱 Lennard Hofstede
8%
Aucun quiz correspondant
Distribution des résultats
% des personnes avec chaque résultat
Percentile par nombre de réponses
Votre historique - résultats
Vous n’avez pas pris ce quiz